A Textbook of Machine design (Record no. 60)

MARC details
000 -LEADER
Fixed length control field 00522nam a2200205 4500
003 - CONTROL NUMBER IDENTIFIER
Control field SEACOMMC
005 - DATE AND TIME OF LATEST TRANSACTION
Control field 20231010065645.0
008 - FIXED-LENGTH DATA ELEMENTS--GENERAL INFORMATION
Fixed length control field 231010b |||||||| |||| 00| 0 eng d
020 ## - INTERNATIONAL STANDARD BOOK NUMBER / ISBN
Price Rs. 325.00
040 ## - CATALOGING SOURCE
Original cataloging agency SEACOMMC
082 ## - DEWEY DECIMAL CLASSIFICATION NUMBER
Classification number 621.815
Book Number SUB
100 1# - MAIN ENTRY--PERSONAL NAME
Personal name Sharma, P.C.
245 12 - TITLE STATEMENT
Title A Textbook of Machine design
Statement of responsibility P.C. Sharma and D.K. Aggarwal
250 ## - EDITION STATEMENT
Edition statement 11th ed.
260 ## - IMPRINT
Place of publication Delhi
Name of publisher S.K. Kataria
Date of publication 2007
650 ## - SUBJECT ADDED ENTRY--TOPICAL TERM
Topical term Engineering
650 ## - SUBJECT ADDED ENTRY--TOPICAL TERM
Topical term Machine engineering
700 1# - ADDED ENTRY--PERSONAL NAME
Personal name Aggarwal, D.K.
942 ## - ADDED ENTRY ELEMENTS (KOHA)
Koha item type Books
Holdings
Withdrawn status Lost status Source of classification Damaged status Not for loan Home library Current library Date acquired Total Checkouts Call number Accession number Date last seen Price effective from Koha item type
    Dewey Decimal Classification     SEACOM MANAGEMENT COLLEGE SEACOM MANAGEMENT COLLEGE 21/07/2006   621.815 SUB 03991 10/10/2023 10/10/2023 Books
    Dewey Decimal Classification     SEACOM MANAGEMENT COLLEGE SEACOM MANAGEMENT COLLEGE 21/07/2006   621.815 SUB 03992 10/10/2023 10/10/2023 Books
    Dewey Decimal Classification     SEACOM MANAGEMENT COLLEGE SEACOM MANAGEMENT COLLEGE 21/07/2006   621.815 SUB 03993 10/10/2023 10/10/2023 Books
    Dewey Decimal Classification     SEACOM MANAGEMENT COLLEGE SEACOM MANAGEMENT COLLEGE 21/07/2006   621.815 SUB 03994 10/10/2023 10/10/2023 Books
    Dewey Decimal Classification     SEACOM MANAGEMENT COLLEGE SEACOM MANAGEMENT COLLEGE 21/07/2006   621.815 SUB 03995 10/10/2023 10/10/2023 Books
© Seacom Engineering College, All rights reserved.    Powered by Koha